Responses for Show #6974 - Thursday, January 1, 2015

Vaughn Winchell game 5.

Contestants

[<< previous game]

Elan Sherbill, an e-commerce blogger from Chicago, Illinois

Page Krugman, a proposal writer from Nashville, Tennessee

Vaughn Winchell, a stay-at-home dad and graduate student from Columbia, Maryland (whose 4-day cash winnings total $78,302)

[next game >>]

Jeopardy! Round responses

ROBIN HOOD
SHERWOOD FOREST
ALAN OR DALE
FRYER TUCK
MAID, MARRYIN'
LITTLE, JOHN
    $200 6
Kevin Costner

Page
    $200 1
Nottingham

Elan
    $200 7
Dale Earnhardt

Vaughn
    $200 12
Coke (or Coca-Cola)

Page
    $200 13
a round table

Vaughn
    $200 26
wee

Vaughn
    $400 10
Sinatra

Elan
    $400 2
an oak tree

Elan
    $400 8
Alan Greenspan

Vaughn
    $400 20
tofu

Vaughn
    $400 14
Ulysses

Elan
    $600 11
Errol Flynn

Page
    $600 3
a spaniel

Triple Stumper
    $600 9
Dale Carnegie

Page
    $600 23
ice cream

Elan
    $600 15
a shepherd

Page
    $600 22
(Elan: What is... nope.)
(Alex: Oh. It's not coming to you.)

half-pint (or pint-size)

PageElan
    $800 18
Russell Crowe

Triple Stumper
    $800 4
St. Paul's

Vaughn
    $800 16
Alan Turing

Elan
    $800 24
Pittsburgh

Vaughn
    $800 21
Love in the Time of Cholera

Vaughn
    $2,000 28
(Elan: What is tiny?)

infinitesimal

Elan
    $1000 19
(Sean) Connery

Elan
    $1000 5
James I

Page
    $1000 17
Dale Chihuly

Triple Stumper
    $1000 29
[The end-of-round signal sounds.]

fried green tomatoes

Vaughn
    $1000 25
(Alex: With less than a minute to go now.)

the Wife of Bath

Vaughn
    $1000 27
Lilliputian

Elan

Scores at the first commercial break (after clue 15):

Vaughn Page Elan
$1,600 $3,200 $1,400

Scores at the end of the Jeopardy! Round:

Vaughn Page Elan
$5,800 $3,800 $2,200

Double Jeopardy! Round responses

SCIENCE
THE MUSEUM OF SOMETHING
EUROPEAN RULERS
CANADIAN PROVINCIAL FLAGS
TRIBUTE ALBUMS
"O" SAY CAN YOU "C"
(Alex: Each correct response will begin with the letter "O" and end with a "C".)
    $400 4
an ion

Vaughn
    $400 13
...
(Alex: Big tourist attraction--the [*]. MOMA.)

Museum of Modern Art

Triple Stumper
    $400 8
Venice

Vaughn
    $400 15
wheat

Vaughn
    $400 1
The Beatles

Elan
    $400 14
(Page: What is obstetrical?)
...
(Alex: Yes. It has to end with a "C". You added two letters too many, Page. I'm sorry about that.)

obstetric

VaughnPage
    $800 5
a bone

Elan
    $800 23
(Elan: What is occult?)
...
(Alex: We have less than a minute to go now, Vaughn.)

photographic

Elan
Triple Stumper
    $800 9
Greece

Page
    $800 16
a bison

Vaughn
    $800 2
(Roy) Orbison

Elan
    $800 20
olympic

Vaughn
    $1200 21
conduction

Vaughn
    $1200 28
Orsay

Page
    $3,000 10
(Alex: Yes. He did not escape his fate. He was beheaded.)

Louis XVI

Page
    $1200 17
British Columbia

Vaughn
    $1200 3
The Eagles

Page
    $1200 25
orc

Page
    $4,000 22
eczema

Vaughn
    $1600 11
Portugal

Page
    $1600 18
St. Andrew's

Elan
    $1600 6
Neil Young

Elan
    $1600 27
organic

Elan
    $2000 24
lithium

Vaughn
    $2000 29
[The end-of-round signal sounds.]

The Museum of the Rockies

Triple Stumper
    $2000 12
Carolus Magnus (aka Charlemagne)

Triple Stumper
    $2000 19
Newfoundland and Labrador

Elan
    $2000 7
Radiohead

Elan
    $2000 26
optic

Vaughn

Scores at the end of the Double Jeopardy! Round:

Vaughn Page Elan
$19,400 $12,400 $12,200

[wagering suggestions for these scores]

Final Jeopardy! Round responses

TELEVISION
ElanWhat is Orange Is the New Black
$5,000
PageWhat is Orange is the New Black
$12,001
VaughnWhat is Orange is the New Black?
$5,401
Orange Is the New Black

Final scores:

Vaughn Page Elan
$24,801 $24,401 $17,200
5-day champion: $103,103 2nd place: $2,000 3rd place: $1,000

Game dynamics:

Coryat scores:

Vaughn Page Elan
$17,000 $10,600 $14,200
21 R
(including 1 DD),
0 W
13 R
(including 1 DD),
1 W
16 R,
3 W
(including 1 DD)

Combined Coryat: $41,800

[game clues] [game scores] [suggest correction]

Game tape date: 2014-11-12
The J! Archive is created by fans, for fans. Scraping, republication, monetization, and malicious use prohibited; this site may use cookies and collect identifying information. See terms. The Jeopardy! game show and all elements thereof, including but not limited to copyright and trademark thereto, are the property of Jeopardy Productions, Inc. and are protected under law. This website is not affiliated with, sponsored by, or operated by Jeopardy Productions, Inc. Join the discussion at JBoard.tv.